000 00731nam a2200217 a 4500
001 000043280
005 20201002040802.0
008 140304s2000 sp ac 000 0 spa d
020 _a8420639443
040 _aDO-SdBNP
_bspa
_cBNPHU
082 _axxx
_bxxx
100 1 _aTorres, Augusto M.
_d1942-
_970898
245 1 3 _aEl cine norteamericano en 130 películas /
_cAugusto M. Torres.
250 _a1ª ed., corr. y aum.,
260 _aMadrid :
_bAlianza,
_c2000.
300 _a467 p. :
_bil. ;
_c18 cm.
490 1 _aEl libro de bolsillo. Cine y comunicación
490 1 _aLibro práctico y aficiones
_v7008
830 0 _aEl libro de bolsillo. Cine y comunicación
_970899
830 0 _aLibro práctico y aficiones ;
_v7008
_970900
999 _c42769
_d42769